000
00298nam a22001457a 4500
003
SGT
082
_a
612
_b
V10C
100
_a
CHAUDHARI, A R
245
_a
VIVA IN PHYSIOLOGY
250
_a
3RD
260
_a
DELHI
_b
PARAS MEDICAL
_c
2010
300
_a
237
650
_a
PHYSIOLOGY
942
_2
ddc
_c
BK
_0
1
999
_c
8518
_d
8518